LEADER 03319nam 2200637 450 001 9910786778903321 005 20230803203941.0 010 $a0-19-938068-6 010 $a0-19-938794-X 035 $a(CKB)3710000000212527 035 $a(EBL)1757324 035 $a(SSID)ssj0001287379 035 $a(PQKBManifestationID)12470184 035 $a(PQKBTitleCode)TC0001287379 035 $a(PQKBWorkID)11279065 035 $a(PQKB)10220013 035 $a(MiAaPQ)EBC1757324 035 $a(StDuBDS)EDZ0001533264 035 $a(Au-PeEL)EBL1757324 035 $a(CaPaEBR)ebr10900838 035 $a(CaONFJC)MIL633589 035 $a(OCoLC)889521403 035 $a(EXLCZ)993710000000212527 100 $a20140807h20142014 uy 0 101 0 $aeng 135 $aur|n|---||||| 181 $ctxt 182 $cc 183 $acr 200 10$aIndividual meaning-centered psychotherapy for patients with advanced cancer $ea treatment manual /$fWilliam S. Breitbart, Shannon R. Poppito 210 1$aOxford, [England] ;$aNew York, New York :$cOxford University Press,$d2014. 210 4$d©2014 215 $a1 online resource (113 p.) 300 $aDescription based upon print version of record. 311 $a1-322-02338-7 311 $a0-19-983724-4 320 $aIncludes bibliographical references and index. 327 $aCover; Individual Meaning-Centered Psychotherapy for Patients with Advanced CancerA Treatment Manual; Copyright; Contents; Acknowledgments; Preface; Session 1.Concepts and Sources of Meaning; Session 2.Cancer and Meaning: Identity before and after Cancer Diagnosis; Session 3.Historical Sources of Meaning: Life as a Living Legacy: A Legacy That Has Been Given and a Legacy That One Lives an; Session 4.Attitudinal Sources of Meaning: Encountering Life's Limitations; Session 5.Creative Sources of Meaning: Creativity, Courage, and Responsibility 327 $aSession 6.Experiential Sources of Meaning: Connecting with Life through Love, Beauty, and Humor Session 7.Transitions: Final Reflections and Hopes for the Future; References; Handouts; Homework/Experiential Exercises; Index 330 $aThe importance of spiritual well-being and the role of ""meaning"" in moderating depression, hopelessness and desire for death in terminally-ill cancer and AIDS patients has been well-supported by research, and has led many palliative clinicians to look beyond the role of antidepressant treatment in this population. Clinicians are focusing on the development of non-pharmacologic interventions that can address issues such as hopelessness, loss of meaning, and spiritual well-being in patients with advanced cancer at the end of life. This effort led to an exploration and analysis of the work of V 606 $aMental healing 606 $aCancer$xTreatment 606 $aImagery (Psychology) 615 0$aMental healing. 615 0$aCancer$xTreatment. 615 0$aImagery (Psychology) 676 $a616.99/40651 700 $aBreitbart$b William$f1951-$01551992 702 $aPoppito$b Shannon R. 801 0$bMiAaPQ 801 1$bMiAaPQ 801 2$bMiAaPQ 906 $aBOOK 912 $a9910786778903321 996 $aIndividual meaning-centered psychotherapy for patients with advanced cancer$93840377 997 $aUNINA LEADER 02121nas--2200373---450 001 990006015620203316 005 20240311141432.0 011 $a1974-3327 017 70$a02334818$2P 035 $a000601562 035 $aUSA01000601562 035 $a(ALEPH)000601562USA01 035 $a000601562 100 $a20150311a20039999km-y0ITAy0103----ba 101 $aita 102 $aIT 110 $aajazz--|||| 200 1 $a<> progetto sostenibile$ericerca e tecnologie per l'ambiente costruito 207 1$aA. 1, n. 1 (ott. 2003)- 210 $aMonfalcone$cEdicom$d2003- 215 $aVolumi$cill.$d30 cm 326 $aSemestrale 330 $aIl Progetto Sostenibile è la rivista dedicata alla cultura dello sviluppo sostenibile nel campo della tecnologia, della produzione edilizia ed in generale dell?ambiente costruito. La rivista intende da un lato riannodare i fili della cultura ecologica con quelli dei contributi specifici dell?architettura e dell?edilizia sostenibile, dall?altro contribuire a dare una risposta a cosa voglia dire in concreto progettare, produrre, utilizzare organismi edilizi in modo sostenibile. Apre ogni numero il Focus, sezione di approfondimento in cui vengono ospitati contributi ed interventi provenienti dal mondo accademico e della ricerca, che sviluppano sotto il profilo scientifico e tecnologico le caratteristiche essenziali del tema scelto per ogni numero.Segue la sezione Studi e Ricerche che documenta con brevi note le ricerche scientifiche di maggior interesse attualmente in corso a livello nazionale ed internazionale, in tutti i settori disciplinari di interesse della progettazione sostenibile. 606 0 $aProgettazione architettonica$xPeriodici$2BNCF 676 $a721.05 801 0$aIT$bsalbc$gISBD 856 4 $uhttp://www.edicomedizioni.com/custom/sez_cms.php?menu_id=204062$4.$zSommari 912 $a990006015620203316 958 $aTEC$bFondo$c2015-2017; 959 $aSE 979 $aVITTORIANA$b90$c20150311$lUSA01$h1010 979 $aVITTORIANA$b90$c20150311$lUSA01$h1010 996 $aProgetto sostenibile$91077205 997 $aUNISA